Highest Life Expectancy Quiz Stats

 Plays Quiz Updated Oct 1, 2018

Score 0/26 Timer 07:00
14 Plays Today
Life Expectancy Country % Correct
80.8United Kingdom
89%
80.8Germany
88.9%
81.9Canada
88.6%
81.9Norway
88.2%
82.3Australia
88.1%
82.3Italy
86.8%
83.1Iceland
84.1%
82.6Switzerland
82.9%
85.2Singapore
79.4%
81.8Spain
75.5%
81.0Finland
75.4%
82.9Andorra
75%
81.3New Zealand
74.4%
Life Expectancy Country % Correct
81.6Austria
73.2%
81.9France
72.2%
80.9Ireland
70.8%
82.5South Korea
70.1%
82.3Luxembourg
69.1%
85.3Japan
63.4%
82.1Sweden
60.8%
81.9Liechtenstein
60.1%
89.4Monaco
59%
81.1Belgium
57.1%
83.3San Marino
42.9%
82.5Israel
41.3%
81.4Netherlands
34.9%

You're not logged in!

Compare scores with friends on all Sporcle quizzes.
OR
Log In

Sporcle TV

Today on Sporcle TV


Watch our educational content, quiz creation guides, and fun videos on Sporcle TV.

Show Comments

Extras

Top Quizzes Today


Score Distribution

Your Account Isn't Verified!

In order to create a playlist on Sporcle, you need to verify the email address you used during registration. Go to your Sporcle Settings to finish the process.

Report this User

Report this user for behavior that violates our Community Guidelines.

Details: